Score 0/9 Timer 00:30
4 Plays Today
% Correct
Austria
90.6%
France
89.8%
Poland
86.3%
Belgium
82.3%
Denmark
77.4%
Netherlands
76.9%
Luxembourg
76.3%
Switzerland
73.5%
Czechia
66.7%

Today's Daily Dose

Remove Ads.
Support Sporcle.
Get the best of Sporcle when you Go Orange. This ad-free experience offers more features, more stats, and more fun while also helping to support Sporcle. Thank you for becoming a member.

You're not logged in!

Compare scores with friends on all Sporcle quizzes.
OR
Log In

Show Comments

Extras

Top Quizzes Today


Score Distribution

Your Account Isn't Verified!

In order to create a playlist on Sporcle, you need to verify the email address you used during registration. Go to your Sporcle Settings to finish the process.

Report this User

Report this user for behavior that violates our Community Guidelines.

Details: